00683 a2200157 4500003000500000005001700005022001600022040000900038082001600047100002300063245006400086260002600150300001400176505030100190650003400491Nust20221122103742.0 a87345-285-2 cNust a621.381,WON aGlenn A. Wonderly  aUnderstanding Solid-Stae Electronics /cGlenn A. Wonderly  aUSA bMc Knightc1971 axiv,210p; aSolid State Physics (Page-2), Two Element Solid State Devices (Page-24), Audio Amplifier System (Page-114), Radio Waves in Communication (Page-136), Oscillation and Frequency Conversion (Page-156), Intermediate Frequency Amplifier (Page-178), Demodulation and Automatic Gain Control (Page-193).  aTelecommunication Engineering